| 000 | 01137nam a22002537a 4500 | ||
|---|---|---|---|
| 999 |
_c12476 _d12476 |
||
| 003 | AR-CdUCM | ||
| 008 | 190409b ||||| |||| 00| 0 spa d | ||
| 040 |
_aMUNICIPALIDAD PROVINCIAL DEL CUSCO _cBIBLIOTECA MUNICIPAL DEL CUSCO |
||
| 082 |
_a577 / _bH14 / 1919 |
||
| 100 |
_aHaeckel, Ernesto _925652 |
||
| 245 |
_aLas Maravillas de la vida : _bestudio de la filosofia biológica para servir de complemento a los enigmas del universo / |
||
| 260 |
_aValencia : _bSempere y Campaña, _c1919. |
||
| 300 |
_a2 tomos ; _c18 cm. |
||
| 505 | _aContenido: t.1: Teoría del conocimiento, experiencia y pensamiento, Organismos y cuerpos inorgánicos, ley natural y creencia social, Filosofía biológica -- t.2: Reproducción asexual y sexual, Mecánica del plasma, conciencia, inteligencia y alma, misterio de la creación. | ||
| 650 |
_aBiología. _9881 |
||
| 650 |
_aUniverso. _918615 |
||
| 650 |
_aFilosofía biológica. _930335 |
||
| 650 |
_aMateria. _9883 |
||
| 650 |
_aEspacio. _920858 |
||
| 700 |
_aUrbano, Rafael (traductor) _930336 |
||
| 700 |
_aPoto, Mariano (traductor) _930337 |
||
| 942 |
_2ddc _cLIBROS |
||
| 945 |
_awfj _d2019-04-09 |
||